000
00378nam a22001697a 4500
003
MPLRDC
005
20220104113740.0
008
210129b ||||| |||| 00| 0 eng d
082
_a
857.7 YQ v.53
100
_a
严沁
245
_a
齐庄
_c
250
_a
初版
260
_a
_b
小说创作社
_c
1971
300
_b
平
650
_a
长篇小说
942
_c
BK
_o
857.7 YQ v.53
999
_c
2048
_d
2038